<?xml version="1.0" encoding="UTF-8"?>
<record
    xmlns:xsi="http://www.w3.org/2001/XMLSchema-instance"
    xsi:schemaLocation="http://www.loc.gov/MARC21/slim http://www.loc.gov/standards/marcxml/schema/MARC21slim.xsd"
    xmlns="http://www.loc.gov/MARC21/slim">

  <leader>01930nam a2200385 a 4500</leader>
  <controlfield tag="001">BRCA_4918</controlfield>
  <controlfield tag="005">20190320204847.0</controlfield>
  <controlfield tag="008">201010m18751879mx-######v---#000-0#spa-#</controlfield>
  <datafield tag="041" ind1=" " ind2=" ">
    <subfield code="a">spa</subfield>
  </datafield>
  <datafield tag="044" ind1=" " ind2=" ">
    <subfield code="a">mx</subfield>
  </datafield>
  <datafield tag="084" ind1=" " ind2=" ">
    <subfield code="a">DOC46</subfield>
    <subfield code="b">.G67</subfield>
    <subfield code="c">1875</subfield>
  </datafield>
  <datafield tag="100" ind1="1" ind2=" ">
    <subfield code="a">Gorr&#xE1;ez, Jos&#xE9; de</subfield>
    <subfield code="9">12458</subfield>
  </datafield>
  <datafield tag="245" ind1="1" ind2="0">
    <subfield code="a">Casa de Comedias del Hospital Real</subfield>
    <subfield code="c">Jos&#xE9; de Gorra&#xE9;z ... [et al.].</subfield>
  </datafield>
  <datafield tag="260" ind1=" " ind2=" ">
    <subfield code="a">M&#xE9;xico</subfield>
    <subfield code="c">1875-1879</subfield>
  </datafield>
  <datafield tag="300" ind1=" " ind2=" ">
    <subfield code="a">[193] fojas</subfield>
    <subfield code="c">30 x 20 cm.</subfield>
  </datafield>
  <datafield tag="500" ind1=" " ind2=" ">
    <subfield code="a">Documento integro firmado en 10 agosto de 1875.</subfield>
  </datafield>
  <datafield tag="500" ind1=" " ind2=" ">
    <subfield code="a">Tomado de la portada: &#xB4;Expediente relativo a la Jurisdicci&#xF3;n privativa que tienen los se&#xF1;ores Oydores que turnan como Juezes en cada un a&#xF1;o en la Casa de comedias de esta Capital, en el que se comprehenden varios abusos permitidos a ella, para cuio remedio propone lo oportuno el se&#xF1;or Bizentte de Herrera&#xB4;.</subfield>
  </datafield>
  <datafield tag="500" ind1=" " ind2=" ">
    <subfield code="a">Contiene sellos con el escudo de la casa de Borb&#xF3;n y lema: &#xB4;SELLO QUARTO. UN CUARTILLO. A&#xD1;OS DE MIL SETECIENTOS Y SETENTA Y QUATRO Y SETENTA Y CINCO&#xB4;.</subfield>
  </datafield>
  <datafield tag="500" ind1=" " ind2=" ">
    <subfield code="a">El documento contiene la leyenda DOC.# 56.</subfield>
  </datafield>
  <datafield tag="500" ind1=" " ind2=" ">
    <subfield code="a">Papel con marca de agua.</subfield>
  </datafield>
  <datafield tag="500" ind1=" " ind2=" ">
    <subfield code="a">Estado de conservaci&#xF3;n: contiene manchas de acidez, manchas por humedad, roturas  provocadas por insectos y por fuego y finalmente m&#xE1;rgenes deteriorados.</subfield>
  </datafield>
  <datafield tag="506" ind1="0" ind2=" ">
    <subfield code="a">Fondo Reservado. Para su consulta es necesario credencial de usuario y carta de motivos.</subfield>
  </datafield>
  <datafield tag="546" ind1=" " ind2=" ">
    <subfield code="a">Texto en: espa&#xF1;ol de finales del siglo XIX.</subfield>
  </datafield>
  <datafield tag="600" ind1="1" ind2="4">
    <subfield code="a">Gorr&#xE1;ez, Jos&#xE9; de</subfield>
    <subfield code="x">Historia</subfield>
    <subfield code="9">12459</subfield>
  </datafield>
  <datafield tag="650" ind1="1" ind2="4">
    <subfield code="a">Documentos legales</subfield>
    <subfield code="v">Manuscrito</subfield>
    <subfield code="x">Historia</subfield>
    <subfield code="9">12460</subfield>
  </datafield>
  <datafield tag="651" ind1=" " ind2="4">
    <subfield code="a">M&#xE9;xico</subfield>
    <subfield code="x">Historia</subfield>
    <subfield code="y">Colonia, 1521-1821</subfield>
    <subfield code="9">12461</subfield>
  </datafield>
  <datafield tag="700" ind1="1" ind2=" ">
    <subfield code="a">Herrera, Bizentte de</subfield>
    <subfield code="9">12462</subfield>
  </datafield>
  <datafield tag="700" ind1="1" ind2=" ">
    <subfield code="a">Viana, Francisco Leandro de</subfield>
    <subfield code="9">12463</subfield>
  </datafield>
  <datafield tag="700" ind1="1" ind2=" ">
    <subfield code="a">L&#xF3;pez Agurto, Sancho</subfield>
    <subfield code="9">12464</subfield>
  </datafield>
  <datafield tag="700" ind1="1" ind2=" ">
    <subfield code="a">Zarazua, Juan Jos&#xE9;</subfield>
    <subfield code="9">12465</subfield>
  </datafield>
  <datafield tag="700" ind1="1" ind2=" ">
    <subfield code="a">Zu&#xF1;iga,  Jorge Anastacio de</subfield>
    <subfield code="9">12466</subfield>
  </datafield>
  <datafield tag="700" ind1="1" ind2=" ">
    <subfield code="a">Barrios, Jacinto</subfield>
    <subfield code="9">12467</subfield>
  </datafield>
  <datafield tag="902" ind1=" " ind2=" ">
    <subfield code="a">FDH</subfield>
  </datafield>
  <datafield tag="942" ind1=" " ind2=" ">
    <subfield code="2">lcc</subfield>
    <subfield code="c">D</subfield>
  </datafield>
  <datafield tag="999" ind1=" " ind2=" ">
    <subfield code="c">4612</subfield>
    <subfield code="d">4612</subfield>
  </datafield>
  <datafield tag="952" ind1=" " ind2=" ">
    <subfield code="0">0</subfield>
    <subfield code="1">0</subfield>
    <subfield code="4">0</subfield>
    <subfield code="7">0</subfield>
    <subfield code="a">BRCA</subfield>
    <subfield code="b">BRCA</subfield>
    <subfield code="d">2010-10-20</subfield>
    <subfield code="l">0</subfield>
    <subfield code="o">DOC46 .G67 1875</subfield>
    <subfield code="p">4979</subfield>
    <subfield code="r">2019-03-22 00:00:00</subfield>
    <subfield code="w">2019-03-22</subfield>
    <subfield code="y">D</subfield>
  </datafield>
</record>
